[Event "Biel"]
[Site "Biel"]
[Date "1990.??.??"]
[Round "11"]
[White "Hort, Vlastimil"]
[Black "De Firmian, Nick E"]
[Result "1-0"]
[WhiteElo "2545"]
[BlackElo "2560"]
[Annotator "Ftacnik,L"]
[PlyCount "115"]
[EventDate "1990.07.??"]
[EventType "tourn"]
[EventRounds "14"]
[EventCountry "SUI"]
[EventCategory "14"]
[SourceTitle "CBM 019"]
[Source "ChessBase"]
[SourceDate "1990.12.01"]
[SourceVersion "1"]
[SourceVersionDate "1990.12.01"]
[SourceQuality "1"]

1. d4 Nf6 2. c4 e6 3. Nc3 Bb4 4. Qc2 c5 5. dxc5 Na6 6. a3 Bxc3+ 7. Qxc3 Nxc5 8.
b4 Nce4 9. Qd4 d5 10. cxd5 {N} exd5 (10... O-O $5) (10... Qxd5 11. Qxd5 $14)
11. Bb2 O-O 12. e3 Nd6 13. Nf3 Bf5 14. Be2 Be4 15. O-O Nc4 $6 (15... Rc8 $14)
16. Bc3 $1 a6 17. Nd2 Nxd2 18. Qxd2 Re8 19. Rfd1 h6 20. Rac1 Nh7 21. Qd4 $1 Nf6
(21... f6 22. Bc4 $1) 22. Bb2 Rc8 23. Rxc8 (23. Bg4 $5 $16) 23... Qxc8 24. Rc1
Qe6 25. h3 Rc8 26. Rc5 Rxc5 27. Qxc5 Ne8 $1 28. Bd4 Nd6 29. Qc7 (29. a4 $1 $16)
29... b5 30. Bg4 Bf5 31. Bh5 Nc4 $2 (31... Bg6) 32. Qd8+ Kh7 33. Qf8 f6 34. Bf7
Qc8 35. Qe7 Qd7 36. Qxd7 Bxd7 37. Bxd5 Nxa3 38. Bb7 Nc4 39. Bxa6 Bc6 40. f3 Kg6
41. Kf2 Kf7 42. h4 Nd6 43. Bc5 $1 Bb7 (43... Ke6 44. e4 $18) 44. Bxb7 Nxb7 45.
h5 $1 f5 46. Bb6 Nd6 47. Ke2 g6 48. hxg6+ Kxg6 49. Kd3 Nc4 50. Bc7 h5 51. Kd4
Kf6 52. Bf4 Ke6 53. Kc5 Na3 54. Bg3 Nc4 55. Bf2 Nd6 (55... Na3 56. Kc6 $1) 56.
Kc6 Ke7 57. Bh4+ Ke6 58. Bg5 {Ftacnik,L} 1-0

[Event "Interzonal-15"]
[Site "Manila"]
[Date "1990.??.??"]
[Round "4"]
[White "Ivanchuk, Vassily"]
[Black "De Firmian, Nick E"]
[Result "1-0"]
[WhiteElo "2680"]
[BlackElo "2560"]
[Annotator "Ftacnik,L"]
[PlyCount "77"]
[EventDate "1990.06.29"]
[EventType "swiss"]
[EventRounds "13"]
[EventCountry "PHI"]
[SourceTitle "CBM 019"]
[Source "ChessBase"]
[SourceDate "1990.12.01"]
[SourceVersion "1"]
[SourceVersionDate "1990.12.01"]
[SourceQuality "1"]

1. d4 Nf6 2. c4 e6 3. Nc3 Bb4 4. Qc2 c5 5. dxc5 Na6 6. a3 Bxc3+ 7. Qxc3 Nxc5 8.
b4 Nce4 9. Qd4 (9. Qb2 d5 10. c5 h6 11. Nh3 $6 (11. f3 Ng5 12. h4 Ngh7) 11...
d4 12. f3 e5 $3 13. fxe4 Bxh3 14. gxh3 Nxe4 $17 {Greenfeld,A-Mokry,K/Haifa ETC/
1989/}) 9... d5 10. c5 b6 $6 (10... h6 11. Nh3 O-O 12. f3 e5 13. Qxe5 Re8 14.
Qd4 Bxh3 15. gxh3 Ng5 16. Bxg5 hxg5 17. Rg1 Nh5 18. h4 gxh4 19. Rd1 Qf6 20. Rg4
Re5 21. f4 $14 {Gurevich,M-Korchnoi,V/Wijk aan Zee/1990/}) 11. f3 bxc5 12. bxc5
Qa5+ 13. Qb4 Qc7 (13... Qxb4+ 14. axb4 Nc3 15. Bb2 d4 16. e4 $16) 14. fxe4 Rb8
15. Qa4+ $1 (15. Qd4 e5 16. Qd3 Nxe4 17. Nf3 (17. Qxd5 Bb7 18. Qd3 (18. Qc4
Qa5+) 18... Rd8 (18... O-O 19. Nf3 Rfd8 $40) 19. Qb5+ Bc6 20. Qa6 Qd7 21. Be3 (
21. Qd3 Qf5 22. Qe3 Nf2 $1) 21... Bb5 22. c6 (22. Qa5 Ba4 {/\ Qd1}) 22... Qd5
23. Qxa7 Qb3 24. Rc1 Ba4 $19) 17... Be6 $44) 15... Bd7 16. c6 $5 (16. Qd1 Nxe4
$36) 16... O-O $1 (16... Bxc6 17. Bf4 $1 Qd7 (17... Bxa4 18. Bxc7 Rc8 19. Be5
Nxe4 20. Bxg7 Rg8 21. Bd4 $16) 18. Qd4) 17. Bd2 $1 (17. cxd7 $4 Qc3+ 18. Kd1 (
18. Kf2 Ng4#) 18... Nxe4 19. Nh3 Qxa1 $19) (17. Bf4 Qxf4 18. cxd7 Nxe4 19. Nf3
Qe3 $19) (17. exd5 Qe5 (17... Nxd5 18. Bd2 Bxc6 19. Qd4) 18. Ra2 Qc3+ 19. Bd2 (
19. Kd1 Nxd5 $22 20. cxd7 Rb1 21. Rc2 Ne3#) (19. Kf2 Qxc1 20. cxd7 exd5 {/\ Ne4
}) 19... Rb1+ 20. Kf2 Qc5+ 21. e3 Qxd5 $40) 17... Bxc6 18. Qa5 Rb6 (18... Qxa5
19. Bxa5 Nxe4 20. Nf3 $16) (18... Qe5 19. Qc3 $16) 19. e3 (19. exd5 exd5 20.
Nf3 Re8 $132 {e<->}) 19... Rfb8 20. Rc1 $1 (20. exd5 $2 Rb1+ 21. Rxb1 Rxb1+ 22.
Kf2 Ne4+ 23. Kf3 (23. Ke2 Bb5+ 24. Kf3 Rxf1+ 25. Kxe4 f5+ 26. Kd4 e5#) 23...
Nxd2+ 24. Qxd2 Rxf1+ 25. Ke2 Bb5+ $19) 20... Nxe4 21. Nf3 Qe7 (21... Nxd2 22.
Qxd2 Rb2 23. Qc3) 22. Bb4 Qb7 23. Bd3 Bb5 24. Bxe4 (24. Bxb5 Rxb5 25. Qa4 a5
26. Bd2 Rb2 $132) 24... dxe4 25. Nd4 Bd3 26. Kf2 f6 27. Rhe1 h6 28. Kg1 Qf7 29.
Nc6 Ra8 30. Ne7+ Kh7 31. Nc8 Rb5 (31... Ra6 32. Qc7 Qg6 33. Qb7 $18) 32. Qc7
Qh5 33. Rc5 Rxc5 34. Bxc5 a5 (34... Qd5 35. Bf8 Qg5 36. Qb7) 35. Bf8 Qg5 36.
Qb7 Ra6 37. Nd6 Qg6 38. Ne8 $1 Kg8 39. Nc7 {Ftacnik,L} (39. Nc7 Qf7 40. Bc5 Kh7
41. Bb6 a4 42. Qb8 $18) 1-0

[Event "Interzonal-15"]
[Site "Manila"]
[Date "1990.??.??"]
[Round "6"]
[White "Miles, Anthony John"]
[Black "De Firmian, Nick E"]
[Result "0-1"]
[WhiteElo "2595"]
[BlackElo "2560"]
[Annotator "Ftacnik,L"]
[PlyCount "74"]
[EventDate "1990.06.29"]
[EventType "swiss"]
[EventRounds "13"]
[EventCountry "PHI"]
[SourceTitle "CBM 019"]
[Source "ChessBase"]
[SourceDate "1990.12.01"]
[SourceVersion "1"]
[SourceVersionDate "1990.12.01"]
[SourceQuality "1"]

1. d4 Nf6 2. c4 e6 3. Nc3 Bb4 4. Qc2 c5 5. dxc5 Na6 6. a3 Bxc3+ 7. Qxc3 Nxc5 8.
f3 d5 9. cxd5 b6 $5 {N} (9... Qxd5 10. e4 $16 {Rubinstein-Johner/Karlovy Vary/
1929/}) 10. b4 (10. Bg5 exd5 11. Rd1 Bd7 $5 {(De Firmian)} (11... Be6 12. Bxf6
gxf6 13. e3 (13. e4 Qe7) 13... Rc8 14. Ne2 $14) 12. Bxf6 gxf6 13. Rxd5 (13. e3
Ba4 $132) 13... Rc8 14. e3 Ne6 15. Qd2 Qc7 $132) (10. dxe6 Bxe6 11. Bg5 Rc8 12.
Rd1 Qe7 $132) 10... Na4 11. Qb3 b5 12. e4 a6 (12... Qb6 13. Be3 $16) 13. Ne2 (
13. Bg5 h6 14. Bh4 (14. Bxf6 Qxf6 15. Rd1 O-O 16. Ne2 (16. d6 Rd8 17. Ne2 e5)
16... exd5 17. Qxd5 Be6 $36) 14... exd5 15. Rd1 O-O (15... Be6 16. Bxf6 Qxf6
17. exd5 $14) (15... Qb6 16. exd5 O-O $13) 16. Rxd5 Qb6 (16... Be6 17. Rxd8
Bxb3 18. Rxa8 Rxa8 $44) 17. Bxf6 Qxf6 $44) 13... O-O (13... exd5 14. e5 Nd7 15.
f4 O-O 16. Be3 $14) 14. Bg5 h6 15. Bh4 exd5 (15... Re8 $5 16. Rd1 (16. e5 $2
Qxd5) 16... exd5 17. Rxd5 Qb6 (17... Be6 18. Rxd8 Bxb3 19. Rxa8 Rxa8 20. Nd4
Ba2 21. Kd2 $14) 18. Bf2 Qb7 19. Rd2 Be6 $44) 16. e5 Re8 $5 (16... g5 17. Bf2
Nd7 18. Qxd5 Nab6 19. Qe4 Qe7 20. Rd1 $16) 17. f4 $1 (17. exf6 $2 d4 18. Rd1 (
18. Qd3 Nb2 19. Qc2 Nc4 20. Rd1 (20. Qd3 Re3 21. Qd1 d3) 20... Ne3 $40) 18...
Bf5 19. Rd3 (19. Kd2 Rc8 $40) (19. Kf2 d3 20. Nc1 Qd4+ 21. Kg3 g5 $19) 19...
Bxd3 20. Qxd3 Nb2 21. Qc2 Nc4 22. Qd3 Re3 $19) 17... g5 (17... d4 18. Qd3 (18.
Rd1 Be6 19. Qf3 $5) 18... g5 19. Bf2 Nd5 20. g3 Bb7 21. Rg1 $14) 18. Bf2 Ne4
19. Bd4 Be6 (19... Bg4 20. Qe3 (20. g3 Bxe2 21. Bxe2 gxf4 22. gxf4 Qh4+) 20...
gxf4 21. Qxf4 Qg5 22. g3 $14) (19... gxf4 20. Nxf4 Qg5 21. g3) 20. Qf3 $1 (20.
g3 Rc8 21. Bg2 Nac3 22. Nxc3 Nxc3 $22 23. Bxc3 d4) 20... Rc8 $6 (20... g4 21.
Qe3 Rc8 22. Ng3 {/\ Bd3}) (20... f5 $5 21. exf6 (21. Qh5 Kh7 $13) 21... g4 22.
Qe3 Nxf6 23. f5 (23. Be5 Nd7 $132) 23... Bxf5 24. Qxh6 Kf7 $13) (20... Qd7 21.
fxg5 hxg5 22. Ng3 {/\ Bd3}) 21. f5 $1 (21. Qh5 Kh7 22. h4 gxf4 23. Nxf4 Qd7 $13
) (21. Ng3 f5 22. Bd3 $13) 21... Bd7 22. Ng3 $2 (22. Qh5 Bxf5 23. Qxh6 Re6) (
22. h4 $1 gxh4 (22... Qc7 $5 23. hxg5 Qc2 24. Rd1 Nac3 25. Nxc3 Nxc3 26. Bd3 $1
Qxd1+ 27. Qxd1 Nxd1 28. Kxd1 Rc4 $8 (28... hxg5 29. e6 fxe6 30. Rh8+ Kf7 31.
Rh7+ Kf8 32. Rxd7 $18) 29. Bb2 (29. Bxc4 dxc4 30. g4 Rd8 (30... Bc6 31. Rxh6
Rd8 32. Rd6) 31. Rxh6 Bxf5 32. gxf5 Rxd4+ 33. Kc2 Rd5 34. Rxa6 Rxe5 $14) 29...
Rf4 (29... Rg4 30. Rxh6 Rxg5 31. e6 fxe6 32. Rh8+ Kf7 33. Rh7+ Kf8 34. Rxd7 $18
) 30. e6 (30. Rxh6 Bxf5 31. e6 fxe6 $13) 30... fxe6 31. f6 $5 (31. Rxh6 exf5
32. g6 d4) 31... e5 (31... hxg5 32. f7+ Kxf7 33. Rh7+ Kf8 34. Rxd7) 32. Rxh6 e4
33. g6 exd3 34. f7+ Kf8 35. Rh8+ Ke7 36. fxe8=Q+ Bxe8 37. g7 Bf7 $22 38. g8=Q
Bxg8 39. Rxg8 Rf1+ 40. Kd2 Rf2+) 23. f6 $1 (23. e6 Qg5 24. Rd1 (24. exd7 $2
Qd2#) 24... fxe6) 23... Re6 24. Qh5 Qf8 25. Rxh4 $16) (22. e6 $5 fxe6 (22...
Bxe6 23. fxe6 Rxe6 24. g3 $1 (24. Rd1 Rc2 $132) 24... Rc2 (24... Nec3 25. Kf2
$1) 25. Bh3 g4 (25... Re7 26. O-O $18) 26. Bxg4 Rxe2+ 27. Qxe2 Nec3 28. Qxe6 $1
fxe6 29. Bxe6+ Kh7 30. Rf1 Qe8 31. Rf7+ Kg6 32. Rf6+ Kh7 33. Kf1 {/\ Rf1 -> 
(Miles)}) 23. Qh5 (23. f6 Rf8 $1 (23... Kh7 24. f7 Rf8 25. Ng3 {/\ Bd3}) (23...
Kf8 24. Be5 $1 Rc2 25. Qh5 Nxf6 26. Qg6 $18) 24. h4 (24. Qh5 Kh7 25. f7 Qe7)
24... Nxf6 25. hxg5 Ne4 26. Qe3 Qxg5 27. Rxh6 Qxe3 28. Bxe3 Rf6 $17) 23... e5
$8 24. Qg6+ Kf8 25. Qxh6+ Kg8 26. Qg6+ (26. h4 g4 (26... exd4 27. hxg5 Qxg5 28.
Qh8+ Kf7 29. Rh7+) (26... Bxf5 27. hxg5 Qxg5 28. Qxg5+ Nxg5 29. Rh5 Nf7 30.
Rxf5 exd4 31. Rxd5) 27. Qg6+ Kf8 $13) 26... Kf8 27. Qh6+ (27. Be3 d4 28. f6
Qxf6 29. Qxf6+ Nxf6 30. Bxg5 Kf7 $17) 27... Kg8 $10) 22... Rxe5 $3 23. Be2 (23.
Bxe5 Qe8 24. Nxe4 (24. Rd1 Qxe5 25. Qe3 Rc3 26. Bd3 (26. Rd3 Rxd3 27. Bxd3 Qa1+
) 26... Nb2) 24... Qxe5 25. Rd1 dxe4 (25... Nc3 26. Rc1 Nxe4 27. Rxc8+ Bxc8 28.
Be2 Qa1+ 29. Bd1 Qd4 $40) 26. Qe3 Bxf5 $17) 23... Qe8 24. Nh5 (24. Bxe5 Qxe5
25. Rd1 Rc3) (24. Rd1 Nac3 25. Rc1 Nxg3 26. Bxe5 Ngxe2 $19) 24... Rxf5 25. Qe3
Rc3 $1 (25... Rc2 26. g4 Rf2 27. Qxf2 Nxf2 28. Nf6+ Kf8 29. Nxe8 Nxh1 30. Nf6
$132) 26. Bxc3 Naxc3 27. Bg4 (27. Qd4 f6) (27. Rf1 Re5 28. Rc1 Nxe2 29. Qxe2
Nc3 30. Nf6+ Kh8 31. Nxe8 Rxe2#) 27... d4 $1 28. Qxd4 Nc5+ 29. Kd2 Nb3+ 30.
Kxc3 Nxd4 31. Bxf5 Qe3+ 32. Bd3 Bf5 33. Rad1 Ne2+ 34. Kc2 Qe5 35. Kd2 (35. Bxf5
Qc3+ 36. Kb1 Qb3+ 37. Ka1 Qxa3+ 38. Kb1 Qxb4+ 39. Ka1 Qa3+ 40. Kb1 Nc3+ 41. Kc2
Nxd1 42. Rxd1 Qc5+ $19) 35... Qb2+ 36. Ke3 Bg4 37. Rd2 Qd4# {Ftacnik,L} 0-1

[Event "Biel SKA"]
[Site "Biel"]
[Date "1991.??.??"]
[Round "8"]
[White "Shirov, Alexei"]
[Black "Lautier, Joel"]
[Result "1-0"]
[WhiteElo "2610"]
[BlackElo "2560"]
[Annotator "Ftacnik,L"]
[PlyCount "93"]
[EventDate "1991.07.??"]
[EventType "tourn"]
[EventRounds "14"]
[EventCountry "SUI"]
[EventCategory "15"]
[SourceTitle "CBM 025"]
[Source "ChessBase"]
[SourceDate "1991.12.01"]
[SourceVersion "1"]
[SourceVersionDate "1991.12.01"]
[SourceQuality "1"]

1. d4 Nf6 2. c4 e6 3. Nc3 Bb4 4. Qc2 c5 5. dxc5 Na6 6. a3 Bxc3+ 7. Qxc3 Nxc5 8.
b4 Nce4 9. Qd4 d5 10. c5 b6 11. f3 bxc5 12. bxc5 Qa5+ 13. Qb4 Qc7 14. fxe4 Rb8
15. Qa4+ Bd7 16. c6 O-O 17. Bd2 Bxc6 18. Qa5 Qe5 (18... Rb6 19. e3 Rfb8 20. Rc1
Nxe4 21. Nf3 Qe7 $2 22. Bb4 $1 $18 {Ivanchuk,V-De Firmian,N/Manila izt/1990/})
19. Bc3 $5 {N} (19. Rc1 Nxe4 20. Nf3 Qb2 21. e3 Bb5 22. Qb4 Bxf1 23. Qxb2 Rxb2
24. Rxf1 Rfb8 $44 {Gurevich,M-Timman,J/Linares/1991/}) (19. Qc3 Qxe4 20. Qxc6
Rfc8 21. Qa6 Rb1+ 22. Rxb1 Qxb1+ 23. Kf2 Ne4+ $40 {Timman}) 19... Qxe4 20. Bxf6
gxf6 (20... Rb1+ 21. Rxb1 Qxb1+ 22. Kf2 Qf5+ 23. Nf3 Qxf6 24. Qc7 $16) 21. Nf3
d4 (21... Rb1+ 22. Rxb1 Qxb1+ 23. Kf2 e5 24. Qd2 d4 25. h4 $16) 22. Qd2 e5 23.
h4 $1 Qg6 $6 (23... Kh8 24. h5 (24. Qh6 Qg6 25. Qxg6 fxg6 $44) 24... Rg8 25.
Rh4 (25. Qh6 Qf5 26. g4 Qe6 $13) 25... Qf5 26. g4 Qe6 27. Bh3 $36) 24. Kf2 Kh8
(24... Rbd8 25. h5 (25. Rh3 Kh8 26. h5 Qf5 27. Kg1 $16) 25... Qg4 26. Rh4 (26.
Rh3 e4 27. Nxd4 e3+ $1) 26... Qe6 27. Kg1 $16) 25. h5 Qg7 (25... Qf5 26. g4 Qe6
(26... Qxg4 27. Bh3 Qf4 28. Qxf4 exf4 29. Rhd1 $18) 27. Rg1 $40) 26. Rc1 (26.
Rh3 Rg8) 26... Rb6 (26... Bxf3 27. exf3 Rg8 28. g4 $18) 27. g4 $1 e4 (27...
Qxg4 28. Bh3 Qe4 29. Qh6 Qe3+ 30. Qxe3 dxe3+ 31. Kxe3 $18) (27... Rd8 28. Rg1
e4 29. Nxd4 f5 30. e3 f4 31. Rc4 $16) 28. Qxd4 (28. Nxd4 e3+ 29. Qxe3 Bxh1 $17)
28... exf3 29. h6 $1 Qg6 (29... Qg5 30. Rh5 Qxc1 31. Qxf6+) 30. exf3 Bb7 (30...
Bb5 31. Qb4 Rfb8 (31... Kg8 32. Bxb5 a6 33. a4 axb5 34. axb5 $18) 32. Bxb5 Rxb5
(32... a6 33. Bd3 $1 Qxd3 (33... Rxb4 34. Bxg6 Rb2+ 35. Bc2 Rc8 36. Kg3 Rbxc2
37. Rxc2 Rxc2 38. Rb1 Rc8 39. Rb7 Kg8 40. Ra7 $18) 34. Qxb6 Qd2+ 35. Kg3 $18)
33. Qxb5 Rxb5 34. Rc8+ Qg8 35. Rhc1 Rb8 36. Rxg8+ Kxg8 37. Rc7 Ra8 38. a4 $18)
31. Bd3 Qg5 32. Rb1 $1 Rxb1 (32... Qd2+ 33. Kg3 Qg5 34. Rh5 $18) 33. Bxb1 Qe5 (
33... Rc8 34. f4 Qxg4 35. Qxf6+ Kg8 36. Rg1 $18) (33... Re8 34. f4 Qxg4 35.
Qxf6+ Kg8 36. Bxh7+ $1 Kxh7 37. Qxf7+ Kh8 38. Qxe8+ $18) 34. Qxe5 fxe5 35. Bf5
$1 Bc8 (35... Rd8 36. Rc1 Kg8 37. Rc7 Bd5 38. Rxa7 $18) 36. Rc1 Bxf5 (36... Be6
37. Bxe6 fxe6 38. Rc7 Ra8 39. Ke3 $18) 37. gxf5 Rb8 (37... f6 38. Rc7 a5 39.
Ra7 $18) 38. Rc7 Kg8 39. Ke3 (39. Rxa7 Kf8 40. Ke3 $18) 39... Kf8 40. f6 Ke8 (
40... Ra8 41. Ke4 $18) 41. Re7+ Kf8 42. Rxa7 Ke8 43. Ke4 Rb1 44. a4 Rh1 45. a5
Rxh6 46. Kxe5 Rh1 47. a6 {Ftacnik,L} (47. a6 Re1+ 48. Kf5 Ra1 49. Re7+ Kf8 50.
a7 $18) 1-0

[Event "St Petersburg-ch"]
[Site "St Petersburg"]
[Date "1997.03.14"]
[Round "9"]
[White "Ionov, Sergey"]
[Black "Aseev, Konstantin N"]
[Result "0-1"]
[WhiteElo "2530"]
[BlackElo "2530"]
[Annotator "Ftacnik,L"]
[PlyCount "54"]
[EventDate "1997.03.04"]
[EventType "swiss"]
[EventRounds "9"]
[EventCountry "RUS"]
[SourceTitle "CBM 058"]
[Source "ChessBase"]
[SourceDate "1997.06.01"]
[SourceVersion "1"]
[SourceVersionDate "1997.06.01"]
[SourceQuality "1"]

1. d4 {Petursson} Nf6 2. c4 e6 3. Nc3 Bb4 4. Qc2 c5 5. dxc5 Na6 6. a3 Bxc3+ 7.
Qxc3 Nxc5 8. b4 Nce4 9. Qd4 d5 10. c5 b6 11. f3 bxc5 12. bxc5 Qa5+ 13. Qb4 Qc7
(13... Qxb4+ 14. axb4 Nc3 15. Bb2 d4 16. e4 $16) 14. fxe4 Rb8 15. Qa4+ (15. Qd4
e5 16. Qd3 Nxe4 17. Nf3 Be6 $44) 15... Bd7 16. c6 (16. Qc2 Nxe4 (16... O-O 17.
exd5 Qe5 (17... exd5 18. Nf3 Ne4 19. e3 $16) 18. Ra2 Rfc8 (18... Ba4 $5 19. Nf3
Qxd5 20. e4 $3 Nxe4 21. Bc4 Bxc2 22. Bxd5 Bb1 23. Bxe4 Bxa2 24. O-O $16 {_|_})
19. Nf3 Qxd5 20. e4 $1 $16 {1-0 Savchenko,S-Gezalian,T/Balassagyarmat op/1990 
(42)}) 17. Nf3 O-O (17... Nxc5 18. Be3 Qa5+ 19. Qd2 $16) (17... Rb5 18. Be3 O-O
19. Rc1 Rfb8 20. c6 Rb2 21. Qa4 Rb1 22. Qc2 R1b2 23. Qa4 Rb1 24. Qc2 Qa5+ (
24... R1b2 $11) 25. Bd2 $8 (25. Nd2 Rxc1+ 26. Qxc1 Bxc6 $17) 25... Nxd2 26.
Nxd2 Rxc1+ 27. Qxc1 Rc8 28. Qb2 Rxc6 $5 29. Qb4 Qc7 $17 {0-1 Forintos,Gy-Aseev,
K/Sestola/1991 (40)}) 18. e3 Rfc8 19. Bd3 Qxc5 20. Qxc5 Nxc5 21. Bc2 Ne4 22.
Bd3 Nc5 23. Bc2 Ne4 24. Bd3 {1/2-1/2 Djukic,Z-Gligoric,S/JUG-chT Cetinje (08)/
1990/}) (16. Qd1 Nxe4 $36) 16... Qe5 {This very strong move was first seen in
quite an obscure game, Ryccov-Kastenada, Moscow 1993.} (16... O-O $1 17. Bd2 $1
(17. cxd7 $4 Qc3+ 18. Kd1 Nxe4 19. Nh3 Qxa1 $19) (17. Bf4 Qxf4 18. cxd7 Nxe4
19. Nf3 Qe3 $19) (17. exd5 Qe5 18. Ra2 Qc3+ 19. Bd2 Rb1+ 20. Kf2 Qc5+ 21. e3
Qxd5 $40) (17. Nf3 Bxc6 (17... Nxe4 18. e3 Rb6 19. Bd3 Rxc6 20. Qd1 Nc3 21. Qd2
e5 22. Bb2 e4 23. Nd4 exd3 24. Nxc6 Ne4 25. Qxd3 Qxc6 26. O-O Qg6 27. Qd4 {
1-0 Schandorff,L-Volzhin,A/Gistrup (02)/1996/ (40)}) 18. Qc2 Rfc8 19. e3 Qb6
20. Be2 dxe4 21. Nd4 Bd7 22. Qd2 e5 23. Nc2 Ba4 24. Nb4 Rd8 25. Qc3 a5 26. Na2
Nd5 {0-1 Stephan,A-Cording,H/Hamburg op (05)/1992 (42)}) 17... Bxc6 18. Qa5 Rb6
(18... Qxa5 19. Bxa5 Nxe4 (19... dxe4 $5) 20. Nf3 $16) (18... Qe5 19. Qc3 (19.
Bc3 $5 Qxe4 (19... Qf4 20. Nh3 (20. exd5 Nxd5 21. Bd2 Ne3 $132) (20. Bxf6 Qxf6
21. e5 $5 (21. Rc1 dxe4 22. Qc3 Rb1 $1 23. Qxc6 e3 $1 24. Rxb1 Qf2+ 25. Kd1
Qxf1+ 26. Kc2 Qf5+ 27. Kc1 $8 Qf1+ 28. Kc2 Qf5+ $11) 21... Qxe5 22. Rc1 Qf4 $1
(22... Qd6 $2 23. Qc5 $16) 23. Qd2 (23. Qc3 $6 Rfc8 {/\} 24. e3 Qh4+ 25. g3 d4
$1 $17) 23... Qd6 $44 {0-1 Kiss,Lau-Stoica,V/ROM/1991 (43)}) (20. e5 $6 Rb5 $1
21. Qxa7 Rfb8 $40) (20. Nf3 Nxe4 21. Be5 Qe3 22. Bd4 Qh6 $1 23. e3 Rb3 {
/\ Re3~/=}) 20... Qh4+ (20... Qxe4 21. Bxf6 $1 Rb1+ $1 22. Rxb1 Qxb1+ 23. Kf2
Qf5+ 24. Kg1 Qxf6 25. Qxa7 d4 26. Nf2 e5 27. e3 $1 Rd8 $5 28. exd4 Rxd4 $44)
21. g3 Qxe4 22. Nf2 Rb1+ 23. Kd2 $1 (23. Rxb1 Qxb1+ 24. Kd2 d4 $19) 23... Qg6
24. Rxb1 Qxb1 25. Qb4 {1/2-1/2 Nadera,B-Antonio,R/Cebu (05)/1992 (31)}) 20.
Bxf6 gxf6 (20... Rb1+ 21. Rxb1 Qxb1+ 22. Kf2 Qf5+ 23. Nf3 Qxf6 24. Qc7 $16) 21.
Nf3 d4 (21... Rb1+ 22. Rxb1 Qxb1+ 23. Kf2 e5 24. Qd2 d4 25. h4 $16) 22. Qd2 (
22. Qxa7 $2 e5 23. Qe7 Qf5 $1 $17) 22... e5 23. h4 $1 (23. Qh6 Qg6 $1 24. Qxg6+
fxg6 $15) (23. g3 $1 Rb1+ $1 24. Rxb1 Qxb1+ 25. Kf2 e4 26. Qxd4 $8 exf3 27. Bg2
$1 Qc2 28. Qg4+ Kh8 29. Bxf3 $11) 23... Qg6 $6 (23... Kh8 24. h5 Rg8 25. Rh4
Qf5 26. g4 Qe6 27. Bh3 $36) (23... Rb3 $1 24. Rh3 Re3 $17) 24. Kf2 Kh8 (24...
Rbd8 25. h5 Qg4 26. Rh4 Qe6 27. Kg1 $16) 25. h5 Qg7 26. Rc1 Rb6 27. g4 $1 {
1-0 Shirov,A-Lautier,J/Biel (08)/1991 (47)}) (19. Rc1 Nxe4 20. Nf3 Qb2 21. e3
Bb5 22. Qb4 (22. Bxb5 Rxb5 23. Qc7 d4 $1 24. exd4 Nxd2 25. Nxd2 Qxd4 $40) 22...
Bxf1 23. Qxb2 Rxb2 24. Rxf1 Rfb8 25. Bc3 $6 (25. Ke2 $5 g5 $140 26. Rfd1) (25.
g4 {/\ Bc3, /\ Kd1, Rc2}) 25... Rxg2 26. Be5 Ra8 27. Rg1 $2 Nd2 $19 {Gurevich,
M-Timman,J/Linares (02)/1991/0-1 (61)}) 19... Qxe4 {/\} 20. Qxc6 Rfc8 21. Qa6
Rb1+ 22. Rxb1 Qxb1+ 23. Kf2 Ne4+ $40) 19. e3 (19. exd5 exd5 20. Nf3 Re8 $132 {
e<->}) 19... Rfb8 20. Rc1 $1 (20. exd5 $2 Rb1+ 21. Rxb1 Rxb1+ 22. Kf2 Ne4+ 23.
Kf3 Nxd2+ 24. Qxd2 Rxf1+ 25. Ke2 Bb5+ $19) 20... Nxe4 21. Nf3 Qe7 (21... Nxd2
22. Qxd2 Rb2 (22... Qe7 23. Bd3 Qxa3 24. O-O $14) 23. Qc3) 22. Bb4 Qb7 23. Bd3
Bb5 24. Bxe4 (24. Bxb5 Rxb5 25. Qa4 a5 26. Bd2 Rb2 $132) 24... dxe4 25. Nd4 {
1-0 Ivanchuk,V-De Firmian,N/Manila izt (04)/1990 (39)}) (16... Bxc6 17. Bf4 $1
(17. Qc2 Nxe4 18. Nf3 O-O 19. e3 Qa5+ 20. Bd2 Qb6 21. Rc1 Rfc8 {1/2-1/2 Ellers,
H-Grabert,R/Dortmund op-A (09)/1993/}) 17... Qd7 18. Qd4) 17. cxd7+ Ke7 18. Ra2
$6 {Already in 1993, Kastenada pointed out that this was losing.} (18. Qxa7
Qc3+ 19. Kd1 Qb3+ (19... Qxa1 20. d8=Q+ $18) (19... Rhd8 20. Ra2 Qb3+ 21. Rc2
Rb6 22. Qa5 Nxe4 23. Nf3 $18) 20. Ke1 Qc3+ 21. Kd1 Rhd8 (21... Qb3+ 22. Ke1 {
1/2-1/2 Rychtsov-Kastanieda,G/Moscow/1993/}) 22. Ra2 Qb3+ 23. Rc2 Rb6 24. Nf3
Rxd7 25. Nd4 Qxc2+ 26. Kxc2 Rxa7 27. exd5 Nxd5 28. e4 {1-0 Candela Perez,
J-Garcia Carbo,M/La Coruna op 1996 (49)}) 18... Qc3+ 19. Kd1 (19. Rd2 Rb1 $40)
(19. Bd2 $2 Rb1+ 20. Kf2 Ng4#) (19. Kf2 {Petursson} Ng4#) 19... Ng4 20. Qxa7 (
20. d8=Q+ $2 Rhxd8 21. Qxa7+ Rd7 $19) 20... Rb1 21. d8=Q+ (21. Rc2 Ne3+ 22.
Qxe3 Qxe3 23. exd5 Rd8 $19) 21... Kxd8 22. Rc2 (22. Qa8+ Ke7 23. Qa7+ Kf6 24.
Rc2 Ne3+ $19) 22... Ne3+ 23. Qxe3 Qxe3 {White has no chance of freeing himself
from this horrible bind.} 24. Nf3 $6 (24. exd5 exd5 (24... Ke7 {Petursson} 25.
d6+ Kf6 26. Nf3 Rd8 $19) 25. Nf3 Re8 $17) 24... dxe4 25. Nd2 Ra1 26. Rb2 (26.
g3 Qxa3 27. Bg2 e3 $19) (26. Nc4 {Petursson} Qb3 $19) 26... Ke7 27. Rb7+ (27.
g3 Rc8 28. Rc2 Rxc2 29. Kxc2 Qc5+ $19) 27... Kf6 (27... Kf6 28. Rc7 Rd8 $19)
0-1

[Event "Cebu"]
[Site "Cebu"]
[Date "1992.??.??"]
[Round "5"]
[White "Nadera, Barlo A"]
[Black "Antonio, Rogelio Jr"]
[Result "1/2-1/2"]
[WhiteElo "2390"]
[BlackElo "2500"]
[Annotator "Ftacnik,L"]
[PlyCount "61"]
[EventDate "1992.05.??"]
[EventType "tourn"]
[EventRounds "9"]
[EventCountry "PHI"]
[EventCategory "10"]
[SourceTitle "CBM 031"]
[Source "ChessBase"]
[SourceDate "1992.12.01"]
[SourceVersion "1"]
[SourceVersionDate "1992.12.01"]
[SourceQuality "1"]

1. d4 Nf6 2. c4 e6 3. Nc3 Bb4 4. Qc2 c5 5. dxc5 Na6 6. a3 Bxc3+ 7. Qxc3 Nxc5 8.
b4 Nce4 9. Qd4 d5 10. c5 b6 11. f3 bxc5 12. bxc5 Qa5+ 13. Qb4 Qc7 14. fxe4 Rb8
15. Qa4+ Bd7 16. c6 (16. Qc2 Nxe4 17. Nf3 O-O 18. e3 Rfc8 19. Bd3 Qxc5 20. Qxc5
Nxc5 21. Bc2 Ne4 22. Bd3 Nc5 $10 {Djukic,Z-Gligoric,S/Cetinje tt/1990/}) 16...
O-O 17. Bd2 Bxc6 18. Qa5 Qe5 19. Bc3 (19. Qc3 Qxe4 $1 20. Qxc6 Rfc8 21. Qa6
Rb1+ 22. Rxb1 Qxb1+ 23. Kf2 Ne4+ $40 {Timman,J}) (19. Rc1 Nxe4 20. Nf3 Qb2 21.
e3 Bb5 22. Qb4 Bxf1 23. Qxb2 Rxb2 24. Rxf1 Rfb8 $44 {Gurevich,M-Timman,J/
Linares/1991/}) 19... Qf4 {N} (19... Qxe4 20. Bxf6 gxf6 21. Nf3 d4 22. Qd2 e5
23. h4 {Shirov,A-Lautier,J/Biel/1991/} (23. g3 $5 Rb1+ 24. Rxb1 Qxb1+ 25. Kf2
e4 26. Qxd4 exf3 27. Bg2 Qc2 28. Qg4+ Kh8 29. Bxf3 $10) 23... Rb3 $1 24. Rh3
Re3 $17) 20. Nh3 (20. exd5 Nxd5 21. Bd2 Ne3 $132) 20... Qh4+ 21. g3 Qxe4 22.
Nf2 Rb1+ 23. Kd2 $1 (23. Rxb1 Qxb1+ 24. Kd2 d4 $19) 23... Qg6 24. Rxb1 Qxb1 25.
Qb4 Qf5 26. Bxf6 Qxf6 27. Ng4 (27. Nd3 d4 28. Rg1 e5 $132) 27... Qg5+ 28. Qf4
Qe7 29. Qb4 Qg5+ 30. Qf4 Qe7 31. Qb4 {Ftacnik,L} 1/2-1/2